[Event "CAN-op"]
[Site "Edmonton CAN"]
[Date "2005.07.11"]
[Round "4"]
[White "Smith, Maurice"]
[Black "Henry, Liam"]
[Result "0-1"]
[WhiteElo "1708"]
[BlackElo "2062"]
[PlyCount "74"]
[GameId "2160767910901658"]
[EventDate "2005.07.09"]
[EventType "swiss"]
[EventRounds "10"]
[EventCountry "CAN"]
[SourceTitle "CBM 107 Extra"]
[Source "ChessBase"]
[SourceDate "2005.09.01"]
[SourceVersion "1"]
[SourceVersionDate "2005.09.01"]
[SourceQuality "1"]

1. d4 Nf6 2. c4 g6 3. Nc3 Bg7 4. e4 d6 5. Nf3 O-O 6. Be2 Bg4 7. O-O Nfd7 8. h3 Bxf3 9. Bxf3 c5 10. Be3 Na6 11. a3 Nc7 12. Qd2 Re8 13. Rad1 Ne6 14. Ne2 cxd4 15. Nxd4 Nxd4 16. Bxd4 Bxd4 17. Qxd4 Ne5 18. Be2 Nc6 19. Qd2 Qb6 20. Qc3 Rad8 21. Rd2 e5 22. Bd1 Na5 23. Ba4 Re7 24. Kh1 f5 25. f3 f4 26. Rc1 g5 27. c5 dxc5 28. Qxc5 Qf6 29. Qxa7 g4 30. fxg4 f3 31. Rf2 Rf8 32. gxf3 b5 33. Qc5 bxa4 34. Qc4+ Kg7 35. Qxa4 Qh6 36. Rcf1 Qxh3+ 37. Rh2 Qxf1# 0-1

[Event "CAN-op"]
[Site "Edmonton CAN"]
[Date "2005.07.11"]
[Round "4"]
[White "Steer, David"]
[Black "Keep, Richard"]
[Result "0-1"]
[WhiteElo "1532"]
[BlackElo "1777"]
[PlyCount "51"]
[GameId "2160767910901659"]
[EventDate "2005.07.09"]
[EventType "swiss"]
[EventRounds "10"]
[EventCountry "CAN"]
[SourceTitle "CBM 107 Extra"]
[Source "ChessBase"]
[SourceDate "2005.09.01"]
[SourceVersion "1"]
[SourceVersionDate "2005.09.01"]
[SourceQuality "1"]

1. e4 c6 2. d4 d5 3. f3 Nf6 4. Nc3 g6 5. Bd3 Bg7 6. e5 Nfd7 7. Nce2 c5 8. c3 Nc6 9. f4 Qb6 10. Nf3 O-O 11. O-O Rd8 12. Kh1 Nf8 13. h3 Na5 14. b3 Bd7 15. g4 Rac8 16. Ba3 c4 17. bxc4 dxc4 18. Be4 Nc6 19. Bc5 Qc7 20. d5 Be8 21. Bd4 Nxd4 22. Nexd4 a6 23. a4 Nd7 24. Rb1 Nc5 25. d6 exd6 26. Bd5 0-1

[Event "CAN-op"]
[Site "Edmonton CAN"]
[Date "2005.07.11"]
[Round "4"]
[White "Sullivan, Brian"]
[Black "Wilson, Jonathan"]
[Result "0-1"]
[WhiteElo "1674"]
[BlackElo "2293"]
[PlyCount "62"]
[GameId "2160767910901660"]
[EventDate "2005.07.09"]
[EventType "swiss"]
[EventRounds "10"]
[EventCountry "CAN"]
[SourceTitle "CBM 107 Extra"]
[Source "ChessBase"]
[SourceDate "2005.09.01"]
[SourceVersion "1"]
[SourceVersionDate "2005.09.01"]
[SourceQuality "1"]

1. e4 c5 2. Nf3 d6 3. d4 cxd4 4. Nxd4 Nf6 5. Nc3 Nc6 6. Bb5 Bd7 7. O-O e6 8. Be3 Be7 9. f4 a6 10. Be2 b5 11. a3 Qb6 12. Nf5 Qc7 13. Nxe7 Nxe7 14. Bf3 Nc6 15. f5 Ne5 16. Be2 Rd8 17. Kh1 Bc6 18. fxe6 fxe6 19. Bg5 O-O 20. Qe1 Rd7 21. Qh4 Rdf7 22. Rad1 Ng6 23. Qg3 Nxe4 24. Nxe4 Rxf1+ 25. Bxf1 Bxe4 26. Bd3 Bxd3 27. Qxd3 Rf2 28. Bd2 Qc6 29. Qh3 Nh4 30. Rg1 Nxg2 31. Qc3 Qa8 0-1

[Event "CAN-op"]
[Site "Edmonton CAN"]
[Date "2005.07.11"]
[Round "4"]
[White "Sundararajan, Kidambi"]
[Black "McGowan, Gary"]
[Result "1-0"]
[WhiteElo "2524"]
[BlackElo "2415"]
[PlyCount "89"]
[GameId "2160767910901661"]
[EventDate "2005.07.09"]
[EventType "swiss"]
[EventRounds "10"]
[EventCountry "CAN"]
[SourceTitle "CBM 107 Extra"]
[Source "ChessBase"]
[SourceDate "2005.09.01"]
[SourceVersion "1"]
[SourceVersionDate "2005.09.01"]
[SourceQuality "1"]

1. d4 Nf6 2. c4 g6 3. Nc3 Bg7 4. e4 d6 5. Nf3 O-O 6. Be2 e5 7. Be3 exd4 8. Nxd4 Nbd7 9. Qd2 Nc5 10. f3 Ne6 11. O-O Nxd4 12. Bxd4 Ne8 13. Rad1 Be6 14. f4 f5 15. exf5 gxf5 16. Rfe1 Bxd4+ 17. Qxd4 Qf6 18. Bf3 c6 19. b3 Qxd4+ 20. Rxd4 Rf6 21. Rd3 Rd8 22. Ne2 Ng7 23. Nd4 Kf7 24. Bd1 Re8 25. Nf3 Bc8 26. Ng5+ Kg6 27. Rxe8 Nxe8 28. Rg3 Kh6 29. Rh3+ Kg7 30. Rxh7+ Kg8 31. Re7 Kf8 32. Re3 Rh6 33. h3 Nf6 34. Bc2 Nh7 35. Nxh7+ Rxh7 36. Kf2 Kf7 37. g4 Rh8 38. g5 Be6 39. Kg3 Rd8 40. Bd3 d5 41. cxd5 cxd5 42. Re5 Rc8 43. Bxf5 Rc3+ 44. Kg4 Bxf5+ 45. Kxf5 1-0

[Event "CAN-op"]
[Site "Edmonton CAN"]
[Date "2005.07.11"]
[Round "4"]
[White "Swathi, Ghate"]
[Black "Miller, Brian"]
[Result "1-0"]
[WhiteElo "2281"]
[BlackElo "1870"]
[PlyCount "61"]
[GameId "2160767910901662"]
[EventDate "2005.07.09"]
[EventType "swiss"]
[EventRounds "10"]
[EventCountry "CAN"]

1. e4 c5 2. Nf3 Nc6 3. d4 cxd4 4. Nxd4 g6 5. Nc3 Bg7 6. Be3 Nf6 7. Nb3 O-O 8. Be2 d6 9. O-O Bd7 10. f4 a6 11. Bf3 Rc8 12. Qe2 b5 13. Rad1 Qc7 14. a3 Rfe8 15. Rfe1 Rcd8 16. Bf2 Bc8 17. Kh1 Bb7 18. e5 dxe5 19. fxe5 Rxd1 20. Rxd1 Nd7 21. e6 Nf6 22. Bg3 Qb6 23. Bf2 Qc7 24. Nc5 Bc8 25. Nd5 Nxd5 26. exf7+ Kxf7 27. Bxd5+ e6 28. Bg3 Qb6 29. Qf2+ Bf6 30. Bxc6 Qxc6 31. Be5 1-0

[Event "CAN-op"]
[Site "Edmonton CAN"]
[Date "2005.07.11"]
[Round "4"]
[White "Tang, Edward"]
[Black "Bowles, Charles"]
[Result "1-0"]
[WhiteElo "2022"]
[BlackElo "1625"]
[PlyCount "95"]
[GameId "2160767910901663"]
[EventDate "2005.07.09"]
[EventType "swiss"]
[EventRounds "10"]
[EventCountry "CAN"]
[SourceTitle "CBM 107 Extra"]
[Source "ChessBase"]
[SourceDate "2005.09.01"]
[SourceVersion "1"]
[SourceVersionDate "2005.09.01"]
[SourceQuality "1"]

1. e4 e6 2. d4 d5 3. Nc3 Bb4 4. e5 c5 5. Bd2 a6 6. a3 Bxc3 7. Bxc3 Nc6 8. Nf3 cxd4 9. Bxd4 Nge7 10. c3 Nxd4 11. cxd4 Nc6 12. Bd3 Bd7 13. O-O h6 14. b4 Qb6 15. Be2 Rc8 16. Qd2 O-O 17. Rfc1 Na7 18. Rc5 Rxc5 19. dxc5 Qc7 20. Bd3 Nc6 21. Re1 f6 22. exf6 Rxf6 23. Bc2 Qf4 24. Qd3 g6 25. h3 d4 26. Re4 Qc1+ 27. Kh2 e5 28. Nxe5 Nxe5 29. Rxe5 Qf4+ 30. Qg3 Qxf2 31. Bb3+ Kf8 32. Rd5 Qxg3+ 33. Kxg3 Bc6 34. Rxd4 Rf1 35. Bd5 Ra1 36. Bxc6 bxc6 37. Rd3 Ke7 38. Kf4 Kf6 39. Rd6+ Kg7 40. Rxc6 Rxa3 41. Ke5 Re3+ 42. Kd4 Ra3 43. Re6 Ra4 44. Kc3 Kf7 45. Re2 a5 46. b5 Rb4 47. Rb2 Ra4 48. b6 1-0

[Event "CAN-op"]
[Site "Edmonton CAN"]
[Date "2005.07.11"]
[Round "4"]
[White "Taylor, William"]
[Black "Li, Zhichao"]
[Result "1-0"]
[WhiteElo "1900"]
[BlackElo "2238"]
[PlyCount "103"]
[GameId "2160767910901664"]
[EventDate "2005.07.09"]
[EventType "swiss"]
[EventRounds "10"]
[EventCountry "CAN"]
[SourceTitle "CBM 107 Extra"]
[Source "ChessBase"]
[SourceDate "2005.09.01"]
[SourceVersion "1"]
[SourceVersionDate "2005.09.01"]
[SourceQuality "1"]

1. f4 c5 2. b3 b6 3. Nf3 Bb7 4. e3 Nf6 5. Bb2 g6 6. g4 Bg7 7. g5 Nh5 8. Bxg7 Nxg7 9. Bg2 d6 10. O-O Nd7 11. d4 Qc7 12. c4 O-O 13. Nc3 Rad8 14. Qd2 e6 15. d5 e5 16. Rae1 exf4 17. exf4 Rde8 18. Rxe8 Rxe8 19. Re1 a6 20. Rxe8+ Nxe8 21. Qe3 Qd8 22. h4 Kf8 23. Bh3 Qe7 24. Kf2 Qxe3+ 25. Kxe3 Ke7 26. f5 f6 27. fxg6 hxg6 28. Bxd7 Kxd7 29. gxf6 Nxf6 30. Kf4 Nh7 31. Ng5 Nf8 32. Nce4 Ke7 33. Nf7 Kxf7 34. Nxd6+ Ke7 35. Nxb7 Nh7 36. Ke5 g5 37. h5 Nf8 38. a3 g4 39. Kf4 Kd7 40. Kxg4 Kc7 41. Kf5 Kxb7 42. Kf6 b5 43. Kg7 a5 44. a4 bxa4 45. bxa4 Nd7 46. h6 Nb6 47. h7 Nxa4 48. h8=Q Nb6 49. Qf8 Nd7 50. Qd6 Kc8 51. Qc6+ Kd8 52. d6 1-0

[Event "CAN-op"]
[Site "Edmonton CAN"]
[Date "2005.07.11"]
[Round "4"]
[White "Tegzes, Laszlo"]
[Black "Long, Hugh"]
[Result "1-0"]
[WhiteElo "2109"]
[BlackElo "1780"]
[PlyCount "107"]
[GameId "2160767910901665"]
[EventDate "2005.07.09"]
[EventType "swiss"]
[EventRounds "10"]
[EventCountry "CAN"]
[SourceTitle "CBM 107 Extra"]
[Source "ChessBase"]
[SourceDate "2005.09.01"]
[SourceVersion "1"]
[SourceVersionDate "2005.09.01"]
[SourceQuality "1"]

1. e4 d5 2. exd5 Nf6 3. d4 Nxd5 4. Nf3 Bg4 5. Be2 e6 6. c4 Nf6 7. O-O Nc6 8. Be3 Be7 9. Nc3 O-O 10. Qd2 Bb4 11. Rad1 Qe7 12. Qc2 Bxc3 13. bxc3 Rfd8 14. Bg5 Bf5 15. Bd3 Bxd3 16. Rxd3 h6 17. Bh4 Kh8 18. Re1 Qf8 19. d5 exd5 20. Bxf6 gxf6 21. cxd5 Ne7 22. c4 Ng6 23. Rd4 Re8 24. Rde4 Rxe4 25. Qxe4 Qd6 26. Nd4 Qe5 27. Nf5 Kh7 28. c5 Re8 29. f3 Rd8 30. Qxe5 fxe5 31. d6 Rd7 32. Rb1 c6 33. g3 f6 34. Rb4 h5 35. Kf2 Kg8 36. Ke3 Kf7 37. Ke4 Ke6 38. f4 h4 39. Ne3 exf4 40. gxf4 f5+ 41. Nxf5 Rf7 42. Nd4+ Kf6 43. Nf3 Rh7 44. Rd4 Nf8 45. Ne5 Nd7 46. Nxd7+ Rxd7 47. Rb4 Rg7 48. Kf3 h3 49. Rd4 Ke6 50. f5+ Kd7 51. Rg4 Rf7 52. Ke4 b6 53. Ke5 Rh7 54. Ra4 1-0

[Event "CAN-op"]
[Site "Edmonton CAN"]
[Date "2005.07.11"]
[Round "4"]
[White "Tomaras, Pavlos"]
[Black "Pechisker, Alfred"]
[Result "0-1"]
[WhiteElo "1886"]
[BlackElo "2190"]
[PlyCount "110"]
[GameId "2160767910901666"]
[EventDate "2005.07.09"]
[EventType "swiss"]
[EventRounds "10"]
[EventCountry "CAN"]
[SourceTitle "CBM 107 Extra"]
[Source "ChessBase"]
[SourceDate "2005.09.01"]
[SourceVersion "1"]
[SourceVersionDate "2005.09.01"]
[SourceQuality "1"]

1. e4 c5 2. d4 cxd4 3. c3 dxc3 4. Nxc3 e6 5. Nf3 a6 6. Bc4 Bb4 7. O-O Nc6 8. Qe2 Nge7 9. Rd1 Bxc3 10. bxc3 h6 11. a4 O-O 12. Ba3 Qa5 13. Qe3 d5 14. Bd3 Re8 15. e5 Bd7 16. g4 Qxa4 17. Bb4 Nxb4 18. Rxa4 Bxa4 19. Ra1 Nxd3 20. Qxd3 Bb5 21. Qe3 Rac8 22. h4 Rc4 23. Nd4 Bd7 24. Kg2 Rec8 25. Rc1 b5 26. g5 h5 27. Nf3 R8c7 28. Nd2 R4c6 29. Qf3 g6 30. Qf6 Kf8 31. Ra1 Bc8 32. Rd1 Bd7 33. Ra1 Ra7 34. Rc1 a5 35. Rb1 Rxc3 36. Nf3 Rc4 37. Nd2 Rg4+ 38. Kh3 a4 39. f4 a3 40. Rc1 a2 41. Ra1 Ra4 42. f5 Rxh4+ 43. Kg2 Rag4+ 44. Kf2 Rf4+ 45. Ke2 Rxf5 46. Qh8+ Ng8 47. Rxa2 Ra4 48. Rc2 Ra7 49. Nf3 Rf4 50. Nd2 b4 51. Ke3 Rh4 52. Nb1 b3 53. Rf2 Rh3+ 54. Kd4 Rc7 55. Nd2 Rcc3 0-1

[Event "CAN-op"]
[Site "Edmonton CAN"]
[Date "2005.07.11"]
[Round "4"]
[White "Venkatesh, Marani Rajendran"]
[Black "Haessel, Dale"]
[Result "1-0"]
[WhiteElo "2475"]
[BlackElo "2230"]
[PlyCount "51"]
[GameId "2160767910901667"]
[EventDate "2005.07.09"]
[EventType "swiss"]
[EventRounds "10"]
[EventCountry "CAN"]
[SourceTitle "CBM 107 Extra"]
[Source "ChessBase"]
[SourceDate "2005.09.01"]
[SourceVersion "1"]
[SourceVersionDate "2005.09.01"]
[SourceQuality "1"]

1. e4 c5 2. Nf3 d6 3. Bb5+ Nd7 4. d4 cxd4 5. Qxd4 Ngf6 6. Nc3 e6 7. Bg5 Be7 8. O-O-O O-O 9. Qd2 Nc5 10. e5 dxe5 11. Qe3 Qc7 12. Nxe5 a6 13. Be2 b5 14. Bf4 Qb6 15. b4 Ncd7 16. Qxb6 Nxb6 17. Nc6 Re8 18. Nxe7+ Rxe7 19. Rd8+ Re8 20. Rxe8+ Nxe8 21. Bf3 Ra7 22. Be3 Rc7 23. Bxb6 Rxc3 24. Rd1 f5 25. Rd8 Kf7 26. Bc5 1-0

[Event "CAN-op"]
[Site "Edmonton CAN"]
[Date "2005.07.11"]
[Round "4"]
[White "Wang, Hao Yuan"]
[Black "Mattson, Marvin"]
[Result "0-1"]
[WhiteElo "1271"]
[BlackElo "1703"]
[PlyCount "108"]
[GameId "2160767910901668"]
[EventDate "2005.07.09"]
[EventType "swiss"]
[EventRounds "10"]
[EventCountry "CAN"]
[SourceTitle "CBM 107 Extra"]
[Source "ChessBase"]
[SourceDate "2005.09.01"]
[SourceVersion "1"]
[SourceVersionDate "2005.09.01"]
[SourceQuality "1"]

1. d4 Nf6 2. c4 e6 3. Nc3 d5 4. Nf3 b6 5. cxd5 exd5 6. Bg5 Bb7 7. e3 h6 8. Bh4 Be7 9. Bxf6 Bxf6 10. b4 O-O 11. Bd3 Nd7 12. O-O c5 13. bxc5 bxc5 14. Qb3 cxd4 15. exd4 Nb6 16. Rfe1 Rb8 17. Na4 Nc4 18. Nc5 Bc6 19. Qc3 Qd6 20. Rab1 Qxc5 21. dxc5 Bxc3 22. Rec1 Rxb1 23. Bxb1 d4 24. Nxd4 Bxd4 25. Rxc4 Rb8 26. Bd3 Bf6 27. f3 Rd8 28. Be4 Bxe4 29. fxe4 Rd4 30. Rxd4 Bxd4+ 31. Kf1 Bxc5 32. Ke2 Kf8 33. Kd3 Ke7 34. Kc4 Bg1 35. h3 Kd6 36. g4 g5 37. a4 Ke5 38. Kd3 a5 39. Kc4 Bf2 40. Kd3 Bb6 41. Ke2 Kxe4 42. Kf1 Kf3 43. Ke1 Kg3 44. Kf1 Kxh3 45. Ke2 Kxg4 46. Kf1 Kh3 47. Ke2 Kg2 48. Kd3 h5 49. Ke4 h4 50. Kf5 h3 51. Kg4 h2 52. Kf5 h1=Q 53. Kg4 Qh4+ 54. Kf5 Qf4# 0-1

[Event "CAN-op"]
[Site "Edmonton CAN"]
[Date "2005.07.11"]
[Round "4"]
[White "White, Chris"]
[Black "Cannon, Farley"]
[Result "0-1"]
[WhiteElo "1597"]
[BlackElo "1432"]
[PlyCount "76"]
[GameId "2160767910901669"]
[EventDate "2005.07.09"]
[EventType "swiss"]
[EventRounds "10"]
[EventCountry "CAN"]
[SourceTitle "CBM 107 Extra"]
[Source "ChessBase"]
[SourceDate "2005.09.01"]
[SourceVersion "1"]
[SourceVersionDate "2005.09.01"]
[SourceQuality "1"]

1. d4 Nf6 2. c4 g6 3. Nc3 Bg7 4. e4 d6 5. Nf3 O-O 6. Be2 e5 7. O-O Nc6 8. dxe5 dxe5 9. Qxd8 Rxd8 10. a3 Be6 11. Ng5 Nd4 12. Nxe6 Nxe6 13. Be3 Nd4 14. Bd1 Rd7 15. Bg5 Ne8 16. h3 c6 17. Re1 Nd6 18. b3 b6 19. f3 Nb7 20. b4 Nd6 21. c5 Nc4 22. Ne2 Ne6 23. Bh4 bxc5 24. Bb3 Nb2 25. Bxe6 fxe6 26. bxc5 Nd3 27. Red1 Nxc5 28. Rdc1 Nb3 29. Rab1 Nxc1 30. Rxc1 Rc8 31. Bf2 a6 32. Nc3 Bf8 33. a4 Bh6 34. Rb1 Rd3 35. Nd1 Rcd8 36. Nb2 Rb3 37. Bg3 Bf4 38. Be1 Rdb8 0-1

[Event "CAN-op"]
[Site "Edmonton CAN"]
[Date "2005.07.11"]
[Round "4"]
[White "Willie, Joshua"]
[Black "Cashin, Ken"]
[Result "1-0"]
[WhiteElo "1555"]
[BlackElo "1761"]
[PlyCount "65"]
[GameId "2160767910901670"]
[EventDate "2005.07.09"]
[EventType "swiss"]
[EventRounds "10"]
[EventCountry "CAN"]
[SourceTitle "CBM 107 Extra"]
[Source "ChessBase"]
[SourceDate "2005.09.01"]
[SourceVersion "1"]
[SourceVersionDate "2005.09.01"]
[SourceQuality "1"]

1. e4 c5 2. Nf3 e6 3. d4 cxd4 4. Nxd4 Nf6 5. Nc3 d6 6. Be2 Be7 7. Be3 O-O 8. Qd2 Nc6 9. f3 a6 10. g4 Bd7 11. h4 Rc8 12. h5 Ne5 13. O-O-O Nc4 14. Bxc4 Rxc4 15. g5 Ne8 16. g6 fxg6 17. hxg6 hxg6 18. Rdg1 e5 19. Nb3 Rxf3 20. Qd5+ Rf7 21. Qxc4 b5 22. Qe2 Be6 23. Qh2 Rf3 24. Rg3 Rxe3 25. Qh7+ Kf7 26. Rf1+ Bf5 27. Rxe3 Bg5 28. exf5 Bxe3+ 29. Kb1 g5 30. Nd5 Bf4 31. Rh1 Nf6 32. Qg6+ Kg8 33. Nxf6+ 1-0

[Event "CAN-op"]
[Site "Edmonton CAN"]
[Date "2005.07.11"]
[Round "4"]
[White "Yam, Alex"]
[Black "Thomas, Bruce"]
[Result "1-0"]
[WhiteElo "2048"]
[BlackElo "1795"]
[PlyCount "37"]
[GameId "2160767910901671"]
[EventDate "2005.07.09"]
[EventType "swiss"]
[EventRounds "10"]
[EventCountry "CAN"]
[SourceTitle "CBM 107 Extra"]
[Source "ChessBase"]
[SourceDate "2005.09.01"]
[SourceVersion "1"]
[SourceVersionDate "2005.09.01"]
[SourceQuality "1"]

1. d4 d5 2. Bg5 Bf5 3. c4 c6 4. Nc3 h6 5. Bh4 Qd7 6. Nf3 e6 7. Ne5 Qc8 8. Rc1 f6 9. e4 Ne7 10. exf5 fxe5 11. Qh5+ Kd8 12. cxd5 cxd5 13. Bb5 Nbc6 14. f6 gxf6 15. Qf7 a6 16. Bxc6 Qxc6 17. Bxf6 exd4 18. Ne2 Qd7 19. Bxh8 1-0

[Event "CAN-op"]
[Site "Edmonton CAN"]
[Date "2005.07.11"]
[Round "4"]
[White "Zaczek, Jonathon"]
[Black "Mohota, Nisha"]
[Result "0-1"]
[WhiteElo "2017"]
[BlackElo "2343"]
[PlyCount "60"]
[GameId "2160767910901672"]
[EventDate "2005.07.09"]
[EventType "swiss"]
[EventRounds "10"]
[EventCountry "CAN"]
[SourceTitle "CBM 107 Extra"]
[Source "ChessBase"]
[SourceDate "2005.09.01"]
[SourceVersion "1"]
[SourceVersionDate "2005.09.01"]
[SourceQuality "1"]

1. e4 Nf6 2. e5 Nd5 3. d4 d6 4. Nf3 Bg4 5. Be2 e6 6. O-O Be7 7. c4 Nb6 8. Nc3 O-O 9. Be3 d5 10. cxd5 Nxd5 11. Ne4 c6 12. Nfd2 Bf5 13. Bg4 Nxe3 14. fxe3 Bg5 15. Bxf5 Bxe3+ 16. Kh1 exf5 17. Rxf5 Bxd4 18. Qg4 Nd7 19. Nf3 Be3 20. Rd1 Kh8 21. Nfg5 Qe7 22. Qh5 h6 23. Nxf7+ Kh7 24. e6 Nb6 25. Rf6 gxf6 26. Rf1 Rxf7 27. Qf5+ Kh8 28. exf7 Qxf7 29. Nxf6 Bg5 30. Qe5 Qg7 0-1

[Event "CAN-op"]
[Site "Edmonton CAN"]
[Date "2005.07.12"]
[Round "5"]
[White "Abrahams, Daniel"]
[Black "Gokhale, Anupama"]
[Result "1/2-1/2"]
[WhiteElo "1946"]
[BlackElo "2243"]
[PlyCount "27"]
[GameId "2160767910901673"]
[EventDate "2005.07.09"]
[EventType "swiss"]
[EventRounds "10"]
[EventCountry "CAN"]
[SourceTitle "CBM 107 Extra"]
[Source "ChessBase"]
[SourceDate "2005.09.01"]
[SourceVersion "1"]
[SourceVersionDate "2005.09.01"]
[SourceQuality "1"]

1. e4 e5 2. Nf3 Nc6 3. Bb5 a6 4. Bxc6 dxc6 5. O-O f6 6. d4 exd4 7. Qxd4 Qxd4 8. Nxd4 c5 9. Ne2 g5 10. Nbc3 Be6 11. Rd1 Bd6 12. f4 gxf4 13. Bxf4 Be5 14. Bxe5 1/2-1/2

[Event "CAN-op"]
[Site "Edmonton CAN"]
[Date "2005.07.12"]
[Round "5"]
[White "Aird, Ian"]
[Black "Sasata, Robert"]
[Result "0-1"]
[WhiteElo "2070"]
[BlackElo "2323"]
[PlyCount "52"]
[GameId "2160767910901674"]
[EventDate "2005.07.09"]
[EventType "swiss"]
[EventRounds "10"]
[EventCountry "CAN"]
[SourceTitle "CBM 107 Extra"]
[Source "ChessBase"]
[SourceDate "2005.09.01"]
[SourceVersion "1"]
[SourceVersionDate "2005.09.01"]
[SourceQuality "1"]

1. e4 e5 2. Nf3 Nc6 3. Bb5 a6 4. Ba4 d6 5. O-O Bg4 6. h3 h5 7. Bxc6+ bxc6 8. d4 Bxf3 9. Qxf3 exd4 10. Rd1 Qf6 11. Qd3 Ne7 12. Qxd4 Qxd4 13. Rxd4 Ng6 14. Bg5 h4 15. Nd2 Rh5 16. Nf3 Ne5 17. Bf4 Nxf3+ 18. gxf3 Rb8 19. Rb1 Ra5 20. a4 Rc5 21. c4 Be7 22. b4 Ra5 23. c5 Rxc5 24. bxc5 Rxb1+ 25. Kg2 dxc5 26. Rc4 Rb4 0-1

[Event "CAN-op"]
[Site "Edmonton CAN"]
[Date "2005.07.12"]
[Round "5"]
[White "Asquith, Tom"]
[Black "Willie, Joshua"]
[Result "1-0"]
[WhiteElo "1789"]
[BlackElo "1555"]
[PlyCount "91"]
[GameId "2160767910901675"]
[EventDate "2005.07.09"]
[EventType "swiss"]
[EventRounds "10"]
[EventCountry "CAN"]
[SourceTitle "CBM 107 Extra"]
[Source "ChessBase"]
[SourceDate "2005.09.01"]
[SourceVersion "1"]
[SourceVersionDate "2005.09.01"]
[SourceQuality "1"]

1. Nf3 Nc6 2. c4 d6 3. b3 e5 4. d3 Nf6 5. g3 Be7 6. Bg2 Be6 7. O-O Qd7 8. Ng5 h6 9. Nxe6 Qxe6 10. Nc3 O-O 11. Nd5 Qd7 12. Nxe7+ Qxe7 13. Bb2 Rab8 14. e3 Nh7 15. a3 Qe6 16. b4 Ne7 17. Qc2 Ng6 18. Rac1 c6 19. d4 f5 20. d5 Qd7 21. dxc6 bxc6 22. Rfd1 Ne7 23. Bxe5 Qe6 24. Bxd6 Rbd8 25. Bc5 Rd7 26. Rxd7 Qxd7 27. Rd1 Qc7 28. Bxe7 Qxe7 29. Bxc6 Qf6 30. Bg2 h5 31. h4 g5 32. hxg5 Qxg5 33. Qc3 Nf6 34. c5 h4 35. Qc4+ Kg7 36. Qxh4 Qxh4 37. gxh4 Rh8 38. Rd4 Ng4 39. Rd7+ Kg6 40. Rxa7 Rxh4 41. c6 Ne5 42. c7 Rc4 43. b5 Ng4 44. Bc6 f4 45. c8=Q f3 46. Be4+ 1-0

[Event "CAN-op"]
[Site "Edmonton CAN"]
[Date "2005.07.12"]
[Round "5"]
[White "Barber, Glen"]
[Black "Malito, Skylar"]
[Result "1-0"]
[WhiteElo "2005"]
[BlackElo "1661"]
[PlyCount "83"]
[GameId "2160767910901676"]
[EventDate "2005.07.09"]
[EventType "swiss"]
[EventRounds "10"]
[EventCountry "CAN"]

1. d4 Nf6 2. c4 e6 3. Nc3 Bb4 4. e3 c5 5. Bd3 Nc6 6. Nf3 Bxc3+ 7. bxc3 d6 8. e4 e5 9. Bb2 O-O 10. O-O Bg4 11. d5 Ne7 12. h3 Bh5 13. Qe2 Kh8 14. g4 Bg6 15. Bc1 h5 16. Nh4 hxg4 17. hxg4 Bh7 18. g5 Ne8 19. Qg4 Qc8 20. Qg3 g6 21. f4 Ng7 22. Be2 f5 23. gxf6 Rxf6 24. fxe5 Rxf1+ 25. Bxf1 dxe5 26. Qxe5 Qg4+ 27. Ng2 Re8 28. Qf4 Qd1 29. Qd2 Qg4 30. Qe2 Qd7 31. Qf2 Nc8 32. Bh6 Nd6 33. e5 Ne4 34. e6 Nxe6 35. dxe6 Qxe6 36. Qe3 Qf5 37. Bf4 g5 38. Bh2 g4 39. Bf4 Qh5 40. Re1 Bg6 41. Bg3 Qh3 42. Nf4 1-0

[Event "CAN-op"]
[Site "Edmonton CAN"]
[Date "2005.07.12"]
[Round "5"]
[White "Barclay, Wayne"]
[Black "Tang, Edward"]
[Result "1-0"]
[WhiteElo "2243"]
[BlackElo "2022"]
[PlyCount "71"]
[GameId "2160767910901678"]
[EventDate "2005.07.09"]
[EventType "swiss"]
[EventRounds "10"]
[EventCountry "CAN"]
[SourceTitle "CBM 107 Extra"]
[Source "ChessBase"]
[SourceDate "2005.09.01"]
[SourceVersion "1"]
[SourceVersionDate "2005.09.01"]
[SourceQuality "1"]

1. d4 Nf6 2. c4 g6 3. Nc3 Bg7 4. e4 d6 5. g3 O-O 6. Bg2 e5 7. Nge2 Na6 8. O-O exd4 9. Nxd4 Re8 10. h3 Nc5 11. Re1 a5 12. Qc2 c6 13. Be3 a4 14. Rab1 Qa5 15. b4 axb3 16. axb3 Ne6 17. Nde2 h5 18. Red1 Bf8 19. f4 Qa6 20. Kh2 Ng7 21. Bf3 Nh7 22. g4 hxg4 23. hxg4 Nf6 24. Kg3 Qa5 25. Ra1 Qxa1 26. Rxa1 Rxa1 27. Bd4 Nd7 28. Na4 Rxa4 29. bxa4 Ne6 30. Bb2 Ng7 31. Nc1 Nc5 32. Ba3 Nge6 33. Ne2 Bg7 34. Qd1 Bf8 35. a5 Rd8 36. f5 1-0

[Event "CAN-op"]
[Site "Edmonton CAN"]
[Date "2005.07.12"]
[Round "5"]
[White "Baser, John"]
[Black "Hughey, Micah"]
[Result "0-1"]
[WhiteElo "1815"]
[BlackElo "2027"]
[PlyCount "63"]
[GameId "2160767910901679"]
[EventDate "2005.07.09"]
[EventType "swiss"]
[EventRounds "10"]
[EventCountry "CAN"]
[SourceTitle "CBM 107 Extra"]
[Source "ChessBase"]
[SourceDate "2005.09.01"]
[SourceVersion "1"]
[SourceVersionDate "2005.09.01"]
[SourceQuality "1"]

1. e4 e5 2. Nf3 Nc6 3. Bb5 a6 4. Bxc6 bxc6 5. O-O d6 6. d4 f6 7. Nbd2 Ne7 8. b3 Ng6 9. Ba3 Be7 10. Qe2 Be6 11. c4 O-O 12. d5 Bd7 13. Rac1 Nf4 14. Qe3 a5 15. Kh1 c5 16. Rc3 g6 17. Ng1 f5 18. g3 Nh5 19. f4 exf4 20. gxf4 fxe4 21. Nxe4 Nf6 22. Nf3 Nxe4 23. Qxe4 Bf6 24. Rc2 Bf5 25. Qe2 Re8 26. Qd2 Bxc2 27. Qxc2 Qe7 28. Re1 Qd7 29. Rg1 Re3 30. Qf2 Rae8 31. Bc1 Re2 32. Qg3 0-1

[Event "CAN-op"]
[Site "Edmonton CAN"]
[Date "2005.07.12"]
[Round "5"]
[White "Bertrand, Daryl"]
[Black "Marshall, Jim"]
[Result "1-0"]
[WhiteElo "1987"]
[BlackElo "1726"]
[PlyCount "65"]
[GameId "2160767910901680"]
[EventDate "2005.07.09"]
[EventType "swiss"]
[EventRounds "10"]
[EventCountry "CAN"]
[SourceTitle "CBM 107 Extra"]
[Source "ChessBase"]
[SourceDate "2005.09.01"]
[SourceVersion "1"]
[SourceVersionDate "2005.09.01"]
[SourceQuality "1"]

1. e4 c5 2. Nf3 Nc6 3. Bb5 a6 4. Bxc6 bxc6 5. c3 d6 6. h3 g6 7. O-O Bg7 8. Qe2 Qc7 9. d3 e5 10. Be3 a5 11. Rd1 Nf6 12. Qc2 Bd7 13. Nbd2 O-O 14. d4 cxd4 15. cxd4 exd4 16. Bxd4 Rfe8 17. Qc3 Nh5 18. Bxg7 Nxg7 19. Nc4 Rxe4 20. Nxd6 Re7 21. Ne5 Be6 22. Nxc6 Rd7 23. Nb5 Qb6 24. a4 Rc8 25. Rxd7 Rxc6 26. Rd8+ Qxd8 27. Qxc6 Nf5 28. Qc3 Nh4 29. Qg3 Qf6 30. Rd1 Nf5 31. Qc3 Qe7 32. Qxa5 Nh4 33. Qd8+ 1-0